TOTEM: LETTURE, SUONI, LEZIONI (1) (Record n. 106888)
[ formato base ]
| 000 -LEADER | |
|---|---|
| fixed length control field | 01818agaaa2200325 4500 |
| 001 - CONTROL NUMBER | |
| control field | 7048 |
| 003 - CONTROL NUMBER IDENTIFIER | |
| control field | IT-RoPAU |
| 005 - DATE AND TIME OF LATEST TRANSACTION | |
| control field | 20220918181251.0 |
| 007 - PHYSICAL DESCRIPTION FIXED FIELD--GENERAL INFORMATION | |
| fixed length control field | d cvaizq |
| 008 - FIXED-LENGTH DATA ELEMENTS--GENERAL INFORMATION | |
| fixed length control field | 50131s9999||||xx ||| | || ||und|| |
| 040 ## - CATALOGING SOURCE | |
| Original cataloging agency | IT-RoPAU |
| Transcribing agency | IT-RoPAU |
| 041 ## - LANGUAGE CODE | |
| Language code of text/sound track or separate title | ITALIANO |
| 100 ## - MAIN ENTRY--PERSONAL NAME | |
| Personal name | Grimaldi Antonello |
| Miscellaneous information | Codice regista SPICS: 21641 |
| 9 (RLIN) | 49270 |
| 130 ## - MAIN ENTRY--UNIFORM TITLE | |
| Uniform title | TOTEM: LETTURE, SUONI, LEZIONI (1) |
| 9 (RLIN) | 49271 |
| 245 ## - TITLE STATEMENT | |
| Title | TOTEM: LETTURE, SUONI, LEZIONI (1) |
| Statement of responsibility, etc. | Prodotto da: Fandango -- Sceneggiatura: Alessandro Baricco, Gabriele Vacis -- Diretto da: Grimaldi Antonello |
| Name of part/section of a work | TOTEM: LETTURE, SUONI, LEZIONI (1) (Rif. Codice opera principale : G7048) |
| 250 ## - EDITION STATEMENT | |
| Edition statement | Edizione Standard |
| 260 ## - PUBLICATION, DISTRIBUTION, ETC. (IMPRINT) | |
| Place of publication, distribution, etc. | MILANO (ITALIA) |
| Name of publisher, distributor, etc. | RCS EDITORE / Distribuzione: RAITRE |
| Date of manufacture | "1999 (1° ed.: 2000 ; Ed. Lingua Orig.: 1998)" |
| 300 ## - PHYSICAL DESCRIPTION | |
| Extent | VHS |
| Other physical details | sonoro, col. |
| Dimensions | 130 minuti |
| 508 ## - CREATION/PRODUCTION CREDITS NOTE | |
| Creation/production credits note | "Fotografia: Roberto Tarasco; Musica: Tarasco Roberto; Sceneggiatura: Alessandro Baricco, Gabriele Vacis; Scenografia: Lucio Diana; " |
| 511 ## - PARTICIPANT OR PERFORMER NOTE | |
| Participant or performer note | "A.Baricco; G.; Vacis; Eugenio; Allegri; Stefania; Rocca; Daniele; Sepe" |
| 520 ## - SUMMARY, ETC. | |
| Summary, etc. | VIDEOCASSETTA CON LA PRIMA PARTE DELLA TRASMISSIONE TELEVISIVA, ANDATA IN ONDA SU RAITRE IL 21.12.1998. ALLEGATO UN OPUSCOLO DI 36 PAGINE DI COMMENTIE INTERVISTE AI PROTAGONISTI DI TOTEM. NON UN TEATRO, MA QUALCOSA DI SIMILE CON PAROLE, MUSICA E VOCI. |
| 538 ## - SYSTEM DETAILS NOTE | |
| System details note | PAL, STEREO |
| 546 ## - LANGUAGE NOTE | |
| Language note | ITALIANO |
| 650 ## - SUBJECT ADDED ENTRY--TOPICAL TERM | |
| Topical term or geographic name as entry element | TEATRALE |
| Relator term | TV-TEATRO/DANZA [VHS] |
| General subdivision | Codice MATERIA SPICS: 9961 |
| 9 (RLIN) | 49272 |
| 700 ## - ADDED ENTRY--PERSONAL NAME | |
| Personal name | Baricco Alessandro |
| Relator term | (regista) |
| Miscellaneous information | Codice secondo regista SPICS: 26431 |
| 9 (RLIN) | 49273 |
| 700 ## - ADDED ENTRY--PERSONAL NAME | |
| Personal name | Grimaldi Antonello |
| Relator term | (regista) |
| Miscellaneous information | Codice regista SPICS: 21641 |
| 9 (RLIN) | 49274 |
| 700 ## - ADDED ENTRY--PERSONAL NAME | |
| Personal name | Tarasco Roberto |
| Relator term | (musica) |
| Miscellaneous information | Codice Musica SPICS: 55526 |
| 9 (RLIN) | 49275 |
| 700 ## - ADDED ENTRY--PERSONAL NAME | |
| Personal name | Vacis Gabriele |
| Relator term | (soggetto) |
| Miscellaneous information | Codice Soggetto SPICS: 55525 |
| 9 (RLIN) | 49276 |
| 942 ## - ADDED ENTRY ELEMENTS (KOHA) | |
| Koha item type | VHS - VIDEO |
| Source of classification or shelving scheme | Dewey Decimal Classification |
| Withdrawn status | Lost status | Damaged status | Not for loan | Home library | Current library | Date acquired | Total Checkouts | Full call number | Date last seen | Price effective from | Koha item type | Public note |
|---|---|---|---|---|---|---|---|---|---|---|---|---|
| Buone Condizioni | Not For Loan | SPICS-MEDIATECA | SPICS-MEDIATECA | 31/01/2015 | G7048 | 31/01/2015 | 31/01/2015 | VHS - VIDEO | Progr. Ins.: 3021 / N.Vol.:1 / Copie: 1 / Pag.:36 / Copia rara: NO / date import: 1.2.2015 / By Epidotti, Trombetti, Vaglietti |